Normal view
MARC view
- GRONNER, A
Entry Personal Name
001 - CONTROL NUMBER
- control field: 80674
003 - CONTROL NUMBER IDENTIFIER
- control field: NUST
005 - DATE AND TIME OF LATEST TRANSACTION
- control field: 20210628210721.0
008 - FIXED-LENGTH DATA ELEMENTS
- fixed length control field: 210628|| aca||aabn | a|a d
040 ## - CATALOGING SOURCE
- Original cataloging agency: NUST
- Transcribing agency: NUST
100 ## - HEADING--PERSONAL NAME
- Personal name: GRONNER, A
670 ## - SOURCE DATA FOUND
- Source citation: Work cat.: (NUST): GRONNER, A, OUTLINE OF TRANSISTOR CIRCUIT ANALYSIS INCLUDING PROBLEMS WITH STEP-BY-STEP SOLUTION, 1966
